SEEDS of woody plants in the United States

Bibliographic Details
Other Authors: Schopmeyer
Format: Book
Published: Washington, D. C. : Forest Service, U.S. Dept. of Agriculture , 1974
Series:Agriculture handbook ; no. 450
Subjects:

MARC

LEADER 00000cam a2200000 7i4500
001 0000001888
005 20020328.0
090 0 0 |a 634.95620973   |b SEE 1974 
245 0 0 |a SEEDS of woody plants in the United States   |c prepared by the Forest Service ; C. S. Schopmeyer 
260 0 0 |a Washington, D. C. :   |b Forest Service, U.S. Dept. of Agriculture ,   |c 1974 
300 |a viii, 883 p., [8] leaves of plates :   |b ill. (some col.) ;   |c 27 cm. 
440 0 0 |a Agriculture handbook ; no. 450 
500 0 0 |a Includes bibliographies and indexes 
650 0 0 |a Trees   |x Seeds 
650 0 0 |a Trees   |z United States   |x Seeds 
650 0 0 |a Woody plants   |x Seeds 
650 0 0 |a Woody plants   |z United States   |x Seeds 
700 0 1 |a Schopmeyer   |h C. S. 
998 |a JPSM 
999 |a 0000002996   |b Monograph   |c Open Shelf   |e Default branch